000 00865nam a22002177a 4500
005 2008102007327.0
008 081020t xxu||||| |||| 00| 0 eng d
010 _aENG-84150
020 _a8182201780
020 _c450.00 (hb)
035 _aEN-67683
082 _a658.3
100 _aKrishnamurthi, Kavita
245 _aHuman resource amangement
_bconcept and planning
_cby Kavita Krishnamurthi
260 _aNew Delhi
_bGlobal Vision Publishing House
_eF-4, Ist Floor, Hari Sadan, 20, Ansari Road, Darya Ganj, New Delhi-110002
_dPh 32971125
260 _c2006
300 _aviii,160p
_c22cm
500 _aIncludes bibliographical references and index
942 _2ddc
_cEN
_h658.3
_mKRI
999 _c17114
_d17114